Las siete columnas (Record no. 175576)

MARC details
000 -LEADER
campo de control de longitud fija 00547nam a22001815i 4500
001 - NÚMERO DE CONTROL
campo de control 175576
003 - IDENTIFICADOR DE NÚMERO DE CONTROL
campo de control ES-MaACL
005 - FECHA Y HORA DE LA ÚLTIMA TRANSACCIÓN
campo de control 20231227182308.0
008 - DATOS DE LONGITUD FIJA--INFORMACIÓN GENERAL
campo de control de longitud fija 101108s1926 sp |||| | spa d
080 ## - NÚMERO DE LA CLASIFICACIÓN DECIMAL UNIVERSAL
Número de la Clasificación Decimal Universal 821.134.2-31"19"
100 1# - ENTRADA PRINCIPAL--NOMBRE DE PERSONA
Nombre de persona Fernández Flórez, Wenceslao,
Fechas asociadas al nombre 1885-1964
9 (RLIN) 49790
245 14 - MENCIÓN DEL TÍTULO
Título Las siete columnas
Resto del título : novela /
Mención de responsabilidad, etc. Wenceslao Fernández Flórez.
250 ## - MENCION DE EDICION
Mención de edición 2ª ed.
260 ## - PUBLICACIÓN, DISTRIBUCIÓN, ETC.
Lugar de publicación, distribución, etc. Madrid :
Nombre del editor, distribuidor, etc. Atlántida,
Fecha de publicación, distribución, etc. cop. 1926.
300 ## - DESCRIPCIÓN FÍSICA
Extensión 321, [3] p. ;
Dimensiones 19 cm.
852 ## - LOCALIZACIÓN
Ubicación ES-MaACL
Número de control de estantería E-13464
Holdings
Estatus retirado Estado de pérdida Estado de daño No para préstamo Biblioteca de origen Biblioteca actual Ubicación en estantería Fecha de adquisición Fuente de adquisición Total de préstamos Signatura topográfica completa Código de barras Visto por última vez Precio de reemplazo Tipo de ítem Koha
        Biblioteca del Ateneo de Madrid Biblioteca del Ateneo de Madrid Depósito 2 08/11/2010     E-13464 1184357 23/02/2023 23/02/2023 Libro impreso